Games and decisions introduction and critical survey (Record no. 1267884)

MARC details
000 -LEADER
fixed length control field 00526nam a2200181Ia 4500
005 - DATE AND TIME OF LATEST TRANSACTION
control field 20250317131400.0
008 - FIXED-LENGTH DATA ELEMENTS--GENERAL INFORMATION
fixed length control field 008 250317s9999 xx 000 0 eng d
040 ## - CATALOGING SOURCE
Original cataloging agency FMSL
Language of cataloging eng
Transcribing agency FMSL
041 ## - LANGUAGE CODE
Language code of text/sound track or separate title eng
Source of code eng
084 ## - COLON CLASSIFICATION NUMBER
Classification number B2891 J7
Assigning agency FMSL
100 ## - MAIN ENTRY--PERSONAL NAME
Personal name Luce E
9 (RLIN) 746980
245 #0 - TITLE STATEMENT
Title Games and decisions introduction and critical survey
260 ## - PUBLICATION, DISTRIBUTION, ETC.
Place of publication, distribution, etc. New York
Name of publisher, distributor, etc. New York, John Wiley
Date of publication, distribution, etc. 1977
300 ## - PHYSICAL DESCRIPTION
Extent 508p
942 ## - ADDED ENTRY ELEMENTS (KOHA)
Koha item type Textbook
Classification part B2891 J7

No items available.

Copyright @ Delhi University Library System